Chemistry and physics of rubber like substances (Record no. 22456)
[ view plain ]
| 000 -LEADER | |
|---|---|
| fixed length control field | 00638nam a2200229Ia 4500 |
| 082 ## - DEWEY DECIMAL CLASSIFICATION NUMBER | |
| Classification number | NR:62:54+53 |
| Item number | BAT:1 |
| 245 #0 - TITLE STATEMENT | |
| Title | Chemistry and physics of rubber like substances |
| 650 ## - SUBJECT ADDED ENTRY--TOPICAL TERM | |
| Topical Term | Cogaulation |
| 650 ## - SUBJECT ADDED ENTRY--TOPICAL TERM | |
| Topical Term | Gutta percha |
| 650 ## - SUBJECT ADDED ENTRY--TOPICAL TERM | |
| Topical Term | Isomerisation |
| 650 ## - SUBJECT ADDED ENTRY--TOPICAL TERM | |
| Topical Term | Latex biochemistry |
| 650 ## - SUBJECT ADDED ENTRY--TOPICAL TERM | |
| Topical Term | Latex creaming |
| 650 ## - SUBJECT ADDED ENTRY--TOPICAL TERM | |
| Topical Term | Latexcollodial stability |
| 650 ## - SUBJECT ADDED ENTRY--TOPICAL TERM | |
| Topical Term | Mastication |
| 650 ## - SUBJECT ADDED ENTRY--TOPICAL TERM | |
| Topical Term | Rubber biosynthesisGraft copolymersRubber abrasion |
| 650 ## - SUBJECT ADDED ENTRY--TOPICAL TERM | |
| Topical Term | Rubber hydrocarbon |
| 650 ## - SUBJECT ADDED ENTRY--TOPICAL TERM | |
| Topical Term | Vulcanisation |
| 650 ## - SUBJECT ADDED ENTRY--TOPICAL TERM | |
| Topical Term | Vulcanization |
| 700 ## - ADDED ENTRY--PERSONAL NAME | |
| Personal name | Bateman, L |
| 942 ## - ADDED ENTRY ELEMENTS (KOHA) | |
| Koha item type | Reference |
| Withdrawn status | Lost status | Damaged status | Not for loan | Home library | Current library | Date acquired | Cost, normal purchase price | Full call number | Accession Number | Koha item type |
|---|---|---|---|---|---|---|---|---|---|---|
| RRII Library | RRII Library | 16/12/2021 | 8.80 | NR:62:54+53 BAT:1 | 03176 | Books |